Busca gato / (Registro nro. 32845)
[ vista simple ]
| 000 -CABECERA | |
|---|---|
| campo fijo de control de longitud | 00827nam a2200277 4500 |
| 001 - NÚMERO DE CONTROL | |
| campo de control | 32845 |
| 003 - IDENTIFICADOR DEL NÚMERO DE CONTROL | |
| campo de control | AR-RoBPED |
| 005 - FECHA Y HORADE LA ULTIMA TRANSACCION | |
| campo de control | 20260611125822.0 |
| 008 - ELEMENTOS DE LONGITUD FIJA--INFORMACION GENERAL | |
| campo fijo de control de longitud | 260610e2023 ag a|||ar|||| 00| 1 spa d |
| 020 ## - ISBN | |
| ISBN | 9786310002408 |
| 040 ## - FUENTE CATALOGADORA | |
| Centro catalogador/agencia de origen | AR-RoBPED |
| 041 ## - IDIOMA | |
| Código de idioma para texto/pista de sonido o título independiente | spa |
| 100 1# - ENCABEZAMIENTO PRINCIPAL--AUTOR PERSONAL | |
| Nombre de persona | Dedé, María Laura, |
| Fechas nac-muerte | 1970- |
| 9 (RLIN) | 25773 |
| 245 1# - TITULO | |
| Título | Busca gato / |
| Mención de responsabilidad | Maria Laura Dedé; ilustraciones de Pupé |
| 260 ## - PUBLICACION | |
| Lugar | Buenos Aires: |
| Editor | Betygino, |
| Fecha | 2023. |
| 300 ## - DESCRIPCION FISICA | |
| Extensión | s.p. |
| Otros detalles físicos | il. cartoné |
| 490 0# - SERIE | |
| Mención de serie | (A buscar, a buscar) |
| 650 #4 - TERMINO DE MATERIA--CONTROLADO | |
| Término controlado | LITERATURA INFANTIL |
| 9 (RLIN) | 168 |
| Término controlado | LITERATURA ARGENTINA |
| 9 (RLIN) | 15616 |
| Término controlado | BEBETECA |
| 9 (RLIN) | 27081 |
| 653 ## - Término no controlado | |
| Término propuesto | BARRIO |
| Término propuesto | COMERCIOS |
| 700 ## - ENCABEZAMIENTO SECUNDARIO--AUTOR PERSONAL | |
| Nombre de persona | Pupé, seud. |
| 9 (RLIN) | 31029 |
| Función | il. |
| 942 ## - ELEMENTOS KOHA | |
| Fuente de clasificación | Universal Decimal Classification |
| Número Koha | k. 32845 |
| Koha tipo de ítem | Libro |
| Clasificación | 860(82)-3 |
| Pre signatura | BB |
| Signatura librística | D 52 |
| N° inventario | inv. 42531 |
| Estado retirado | Estado perdido | Fuente de clasificación | Estado dañado | No se presta | Biblioteca propietaria | Biblioteca de reserva | Fecha de adquisición | Procedencia | Total de préstamos | Signatura topográfica completa | Código de barras (nº de inventario) | Fecha visto por última vez | Catalogador y fecha | Tipo de ítem Koha | Nota pública |
|---|---|---|---|---|---|---|---|---|---|---|---|---|---|---|---|
| Universal Decimal Classification | Biblioteca Pedagógica Eudoro Díaz | Biblioteca Pedagógica Eudoro Díaz | 10/06/2026 | compra | BB 860(82)-3 D 52 | 42531 | 10/06/2026 | mm 10/06/2026 | Libro | Se presta 15 días. |